| 000 | 00860nam a2200253Ia 4500 | ||
|---|---|---|---|
| 003 | GCL | ||
| 008 | 140319s9999 xx 000 0 ara d | ||
| 020 | _a6829345977 | ||
| 040 |
_aGCL / _cGCL |
||
| 082 | 0 | 4 |
_a155.232 _bج ا |
| 100 | 1 | _aجابور، دون | |
| 245 | 1 | 0 |
_aادارة الخجل : _bHOW TO START A CONVERSATION AND MAKE FRIENDS / _cجابور، دون |
| 250 | _aالاولى | ||
| 260 |
_aالقاهرة : _bدار الفاروق للنشر والتوزيع ، _c2005 |
||
| 300 |
_a96 ص ؛ _c24 سم |
||
| 490 |
_aالصحة النفسية _v0 |
||
| 650 | 0 | 4 | _aالانفعالات النفسية |
| 650 | 0 | 4 | _aالتكيف الاجتماعى |
| 650 | 0 | 4 | _aالسلوك (علم نفس) |
| 650 | 0 | 4 | _aالخجل |
| 650 | 0 | 4 | _aالتعبيرية ( علم نفس ) |
| 650 | 0 | 4 | _aالمحادثة - اخلاقيات |
| 942 |
_2ddc _cBK |
||
| 999 |
_c8261 _d8261 |
||